| 000 | 00373nam a2200145Ia 4500 | ||
|---|---|---|---|
| 008 | 240729s9999 xx 000 0 und d | ||
| 022 | _a1479-5876 | ||
| 245 | 0 | _aJournal of Translational Medicine | |
| 260 | _aUnited Kingdom | ||
| 260 | _bBMC | ||
| 650 | _aMedicine | ||
| 856 | _uhttps://doaj.org/toc/ef56ec40ffbe486b8ab66684e5992a79 | ||
| 942 | _2ddc | ||
| 942 | _cDOAJEJ | ||
| 999 |
_c74328 _d74328 |
||
| 945 |
_a1 _bMadushi Gamage _c1 _dMadushi Gamage |
||